000 00596nam a2200193Ia 4500
003 GCL
008 140319s9999 xx 000 0 ara d
040 _aGCL /
_cGCL
082 0 4 _aط
_b813.087
_bب ص
100 1 _aعزة حسين
245 1 0 _aصائد الاشباح /
_cعزة حسين
700 1 _aباكارد، ادورد
260 _aالقاهرة :
_bوزارة الثقافة والاعلام ،
_c1988
300 _a117 ص ؛
_c20 سم
490 _aسلسلة اروع المغامرات
_v1
650 0 4 _aالاطفال
650 0 4 _aقصص الاطفال
942 _2ddc
_cBK
999 _c46239
_d46239